MARC details
| 000 -Satzkennung |
| Kontrollfeld mit fester Länge |
03048pam a2200241 c 4500 |
| 008 - Feld mit fester Länge zur physischen Beschreibung - Allgemeine Angaben |
| Kontrollfeld mit fester Länge |
121005s2012 gw ||||| |||| 00||||ger |
| 020 ## - Internationale Standardbuchnummer |
| Internationale Standardbuchnummer |
9783831322626 |
| 040 ## - Benutzernummer des Erfassenden |
| Benutzernummer des Erfassenden |
DE-101 |
| 245 00 - Titel |
| Titel |
Wetzlar - ein Blick in die Stadtgeschichte |
| Verfasserangabe etc. |
Irene Jung/Wolfgang Wiedl |
| 250 ## - Ausgabebezeichnung |
| Ausgabebezeichnung |
1. Aufl. |
| 260 ## - Publikation, Vertrieb usw. |
| Name des Verlags, des Vertriebs etc. |
Wartberg Verlag GmbH & Co. KG |
| Erscheinungsjahr, Vertriebsjahr etc. |
2012 |
| Ort der Herstellerfirma |
Schlüchtern-Elm |
| Herstellerfirma |
Bernecker Media Ware AG |
| 300 ## - Physische Beschreibung |
| Umfang |
101 S. |
| Weitere äußerliche Details |
zahlr Ill., graph. Darst., Kt. |
| Maße |
23 x 25 cm |
| 336 ## - Inhaltstypterm |
| Inhaltstypterm |
Text |
| Inhaltstypcode |
txt |
| Quelle |
rdacontent |
| 337 ## - Bezeichnung des Medientyps |
| Bezeichnung des Medientyps |
ohne Hilfsmittel zu benutzen |
| Medientypcode |
n |
| Quelle |
rdamedia |
| 338 ## - Datenträgertyp |
| Datenträgertypbezeichnung |
Band |
| Datenträgertypcode |
nc |
| Quelle |
rdacarrier |
| 500 ## - Allgemeine Fußnote |
| Inhaltsverzeichnis |
Inhalt<br/><br/>004 • Geleitwort <br/>005 • Vorwort <br/>006 • Reichsstädtische Rechte und Privilegien <br/>008 • Die mittelalterliche Stadtverfassung <br/>010 • Historische Stadtansichten <br/>012 • Zur Orientierung: Stadtpläne <br/>014 • Im Mittelpunkt: Der Dom <br/>016 • Das Marienstift <br/>018 • Der Hof des Deutschen Ordens <br/>020 • Eine hilfreiche Einrichtung: Das Hospital <br/>022 • Zum Schutz: Die Stadtmauer <br/>024 • Die Reichsburg Kalsmunt <br/>026 • Eine sichere Verbindung: Die Alte Lahnbrücke <br/>028 • Streit mit den Nachbarn <br/>030 • Handwerksorganisationen: Die Zünfte <br/>032 • Fremde werden zu Mitbürgern <br/>034 • Höchste Rechtssprechung: Das Reichskammergericht <br/>036 • Eine neue Blüte: Die Reichskammergerichtszeit <br/>038 • Wetzlar in den französischen Revolutionskriegen <br/>040 • Schulwesen im Wandel <br/>042 • Von Bildung und Schule <br/>044 • Das Ende der Reichsstadt <br/>046 • Die Stadt in preußischer Zeit (1815 bis 1871) <br/>048 • Gesellige Orte und Ausflugsziele <br/>050 • Reisende und Touristen <br/>052 • Gruß aus Wetzlar<br/>054 • Verkehr und Energie <br/>056 • (K)ein Bahnhof für Wetzlar <br/>058 • Ein repräsentativer Bahnhof <br/>060 • Rund um den Bahnbetrieb <br/>062 • Eisen und Stahl <br/>064 • Die optische Industrie <br/>066 • Industrie und Gewerbe <br/>068 • Die Eingemeindung von Niedergirmes <br/>070 • In der Weimarer Republik <br/>072 • Nationalsozialismus in Wetzlar <br/>074 • Jüdisches Leben <br/>076 • Wetzlar im Aufbruch <br/>078 • Das verschwundene Wetzlar <br/>080 • Kulturleben nach 1945 <br/>082 • Das bewegte Wetzlar: Sportstätten <br/>084 • Die Stadt als Bundeswehrstandort <br/>086 • Der Hessentag 1975 <br/>088 • Das Intermezzo Stadt Lahn <br/>090 • Stadtteile Blasbach und Hermannstein <br/>092 • Stadtteile Naunheim und Garbenheim <br/>094 • Stadtteile Dutenhofen und Münchholzhausen <br/>096 • Stadtteile Nauborn und Steindorf <br/>098 • Frauen in acht Jahrhunderten <br/>100 • Große Namen aus Literatur, Politik und Wirtschaft <br/>102 • Europäische Freundschaften: Wetzlarer Partnerstädte<br/><br/>Abbildungsnachweis: Sämtliche Fotos aus dem Historischen Archiv (Ausn.: S. 37, S. 1,5 priv.)<br/>Quellenangaben bei jeder Abbildung. |
| 700 1# - Person oder Familie als 2. und weiterer geistiger Schöpfer, sonstige Personen oder Familien |
| Personenname |
Jung, Irene |
| Datumsangaben in Verbindung mit einem Namen |
1954- |
| Funktionsbezeichnung |
Mitwirkender |
| 700 1# - Person oder Familie als 2. und weiterer geistiger Schöpfer, sonstige Personen oder Familien |
| Personenname |
Wiedl, Wolfgang |
| Datumsangaben in Verbindung mit einem Namen |
1951- |
| Funktionsbezeichnung |
Mitwirkender |
| 856 42 - Elektronische Adresse und Zugriff |
| URL |
<a href="https://d-nb.info/1026540100/04">https://d-nb.info/1026540100/04</a> |
| 856 42 - Elektronische Adresse und Zugriff |
| URL |
<a href="http://deposit.dnb.de/cgi-bin/dokserv?id=4155404&prov=M&dok_var=1&dok_ext=htm">http://deposit.dnb.de/cgi-bin/dokserv?id=4155404&prov=M&dok_var=1&dok_ext=htm</a> |
| 942 ## - Zusätzliche Felder (Koha) |
| Klassifikation oder Aufstellungssystematik |
Andere/Generische Klassifikation |
| Koha-Medientyp |
Buch |